| 000 | 00474nam a22001697a 4500 | ||
|---|---|---|---|
| 005 | 20240306135720.0 | ||
| 008 | 240306b |||||||| |||| 00| 0 eng d | ||
| 020 | _a9781119009313 | ||
| 082 |
_a005.25LEE-B _bLEE |
||
| 100 | _aLee-wei-Meng | ||
| 245 |
_aBeginning Swift programming / _cWei-Meng Lee |
||
| 260 |
_aUSA: _bJohn wiley&Sons; _c2015. |
||
| 300 |
_axxvii.257 p. : _bill, _c23 cm. |
||
| 500 | _aInclude index. | ||
| 650 | _aComputer Scienc/Programming | ||
| 999 |
_c35241 _d35241 |
||